| 000 | 00664nam a2200217 a 4500 | ||
|---|---|---|---|
| 001 | 55769 | ||
| 003 | BD-RjUL | ||
| 005 | 20211209080318.0 | ||
| 008 | 161121s19561954enk||||| |||| 001 0 eng d | ||
| 035 | _a(BD-RjUL)55893 | ||
| 040 |
_beng _dBD-RjUL _aBD-RjUL _cBD-RjUL |
||
| 041 | _aeng | ||
| 082 |
_223 _a822.33 _bMAW 1956 |
||
| 100 | 1 |
_aMasefield, John, _d1878-1967. _9166073 |
|
| 245 | 1 | 0 |
_aWilliam Shakespeare / _cby John Masefield |
| 260 |
_aLondon : _b W. Heinemann, _c1954 [reprinted 1956] |
||
| 300 |
_avii,184 p. ; _c18 cm. |
||
| 500 | _aIncludes index | ||
| 600 | 1 | 0 |
_aShakespeare, William, _d1564-1616 _xCriticism and interpretation. _9176561 |
| 942 |
_2ddc _cBK |
||
| 999 |
_c55769 _d55769 |
||